<?xml version="1.0" encoding="UTF-8"?>
<record
    xmlns:xsi="http://www.w3.org/2001/XMLSchema-instance"
    xsi:schemaLocation="http://www.loc.gov/MARC21/slim http://www.loc.gov/standards/marcxml/schema/MARC21slim.xsd"
    xmlns="http://www.loc.gov/MARC21/slim">

  <leader>01054nam a22002657a 4500</leader>
  <controlfield tag="003">AR-CdUEA</controlfield>
  <controlfield tag="005">20220326193254.0</controlfield>
  <controlfield tag="008">100302s2001    sp||||| |||zz00| 0 spad </controlfield>
  <datafield tag="020" ind1=" " ind2=" ">
    <subfield code="a">8446013290</subfield>
  </datafield>
  <datafield tag="040" ind1=" " ind2=" ">
    <subfield code="a">AR-CdUEA</subfield>
    <subfield code="c">AR-CdUEA</subfield>
  </datafield>
  <datafield tag="041" ind1="1" ind2=" ">
    <subfield code="a">spa</subfield>
    <subfield code="h">eng</subfield>
  </datafield>
  <datafield tag="082" ind1=" " ind2=" ">
    <subfield code="a">707</subfield>
    <subfield code="b">F754r</subfield>
  </datafield>
  <datafield tag="100" ind1="1" ind2=" ">
    <subfield code="9">536</subfield>
    <subfield code="a">Foster, Hal,</subfield>
    <subfield code="d">1955-</subfield>
  </datafield>
  <datafield tag="245" ind1="1" ind2="3">
    <subfield code="a">El retorno de lo real :</subfield>
    <subfield code="b">la vanguardia a finales de siglo /</subfield>
    <subfield code="c">Hal Foster ; traducci&#xF3;n de Alfredo Brotons Mu&#xF1;oz.</subfield>
  </datafield>
  <datafield tag="260" ind1=" " ind2=" ">
    <subfield code="a">Madrid :</subfield>
    <subfield code="b">Ediciones Akal,</subfield>
    <subfield code="c">2001.</subfield>
  </datafield>
  <datafield tag="300" ind1=" " ind2=" ">
    <subfield code="a">234 p. :</subfield>
    <subfield code="b">il. ;</subfield>
    <subfield code="c">27 cm.</subfield>
  </datafield>
  <datafield tag="490" ind1="0" ind2=" ">
    <subfield code="a">Akal. Arte contempor&#xE1;neo :</subfield>
    <subfield code="v">8.</subfield>
  </datafield>
  <datafield tag="504" ind1=" " ind2=" ">
    <subfield code="a">Incluye referencias bibliogr&#xE1;ficas.</subfield>
  </datafield>
  <datafield tag="505" ind1="0" ind2=" ">
    <subfield code="a">Qui&#xE9;n teme a la neovanguardia?. El quid del minimalismo. La pasi&#xF3;n del signo. El arte de la raz&#xF3;n c&#xED;nica. El retorno de lo real. El artista como etn&#xF3;grafo. &#xBF;Y qu&#xE9; pas&#xF3; con la posmodernidad?.</subfield>
  </datafield>
  <datafield tag="650" ind1="1" ind2="7">
    <subfield code="9">92</subfield>
    <subfield code="a">CRITICA DE ARTE</subfield>
  </datafield>
  <datafield tag="650" ind1="1" ind2="7">
    <subfield code="9">98</subfield>
    <subfield code="a">ARTE DE VANGUARDIA</subfield>
  </datafield>
  <datafield tag="650" ind1="1" ind2="7">
    <subfield code="x">estetica-arte</subfield>
    <subfield code="x">arte-critica</subfield>
    <subfield code="x">arte-historia </subfield>
    <subfield code="y">s. XX</subfield>
    <subfield code="9">930</subfield>
  </datafield>
  <datafield tag="650" ind1="1" ind2="7">
    <subfield code="9">71</subfield>
    <subfield code="a">ARTE MODERNO</subfield>
  </datafield>
  <datafield tag="945" ind1=" " ind2=" ">
    <subfield code="a">ela</subfield>
    <subfield code="d">2010-03-16</subfield>
  </datafield>
  <datafield tag="999" ind1=" " ind2=" ">
    <subfield code="c">198</subfield>
    <subfield code="d">198</subfield>
  </datafield>
  <datafield tag="952" ind1=" " ind2=" ">
    <subfield code="0">0</subfield>
    <subfield code="1">0</subfield>
    <subfield code="2">ddc</subfield>
    <subfield code="4">0</subfield>
    <subfield code="7">0</subfield>
    <subfield code="a">LV</subfield>
    <subfield code="b">LV</subfield>
    <subfield code="c">Pensamiento</subfield>
    <subfield code="d">2014-06-06</subfield>
    <subfield code="l">0</subfield>
    <subfield code="o">707 F754r</subfield>
    <subfield code="p">000198</subfield>
    <subfield code="r">2014-06-06 00:00:00</subfield>
    <subfield code="w">2014-06-06</subfield>
    <subfield code="y">01</subfield>
  </datafield>
</record>
